[Event "M.Chigorin Memorial 2014"]
[Site "St. Petersburg"]
[Date "2014.10.25"]
[Round "8.121"]
[White "Mrykhin, Igor"]
[Black "Soldatov, Arnold"]
[Result "0-1"]
[WhiteElo "2151"]
[BlackElo "1984"]
[PlyCount "126"]
[EventDate "2014.10.18"]
[EventType "swiss"]
[EventCountry "RUS"]

1. e4 c5 2. d4 cxd4 3. c3 dxc3 4. Nxc3 Nc6 5. Nf3 e6 6. Bc4 Bb4 7. Bd2 Nge7 8.
a3 Bxc3 9. Bxc3 d5 10. exd5 Nxd5 11. Bxd5 exd5 12. O-O O-O 13. Qd3 Be6 14. Nd4
Nxd4 15. Qxd4 f6 16. Rae1 Re8 17. Re3 Bf7 18. Rg3 Kh8 19. Qg4 Bg6 20. f3 Rc8
21. Qh4 Kg8 22. Rd1 Rc4 23. Rg4 Qb6+ 24. Kh1 Qb3 25. Rg1 b5 26. h3 Qc2 27. Rxc4
dxc4 28. Qd4 a6 29. Qd5+ Bf7 30. Qb7 Qa4 31. Kh2 h6 32. Rc1 a5 33. Qa7 Re2 34.
h4 Be8 35. Qb8 Kh7 36. Qc7 b4 37. axb4 axb4 38. Bxf6 Qd7 39. Qxd7 Bxd7 40. Bd4
Be6 41. Ra1 Rd2 42. Be5 Re2 43. Ra5 c3 44. bxc3 b3 45. c4 b2 46. Bxb2 Rxb2 47.
c5 Rc2 48. Kg3 Rc4 49. Rb5 Bd5 50. Ra5 Bc6 51. Kh3 Kg6 52. Kg3 Kf6 53. Kh3 g6
54. Kg3 Kf5 55. Kh3 Ra4 56. Rxa4 Bxa4 57. Kg3 Ke5 58. Kg4 Bb5 59. Kg3 Bd7 60.
Kf2 Kd4 61. g4 Kxc5 62. Kg3 Kd5 63. f4 Ke4 0-1

[Event "M.Chigorin Memorial 2014"]
[Site "St. Petersburg"]
[Date "2014.10.25"]
[Round "8.122"]
[White "Koshil, Tikhon"]
[Black "Smirnov, Mikhail"]
[Result "0-1"]
[WhiteElo "1975"]
[BlackElo "2147"]
[PlyCount "116"]
[EventDate "2014.10.18"]
[EventType "swiss"]
[EventCountry "RUS"]

1. c4 Nf6 2. Nc3 d5 3. cxd5 Nxd5 4. g3 g6 5. Bg2 Nb6 6. Nf3 Bg7 7. O-O O-O 8.
d3 c6 9. Bf4 h6 10. Qd2 g5 11. Be3 e5 12. h4 f6 13. hxg5 hxg5 14. Kh2 Kf7 15.
Rh1 Rh8+ 16. Kg1 Rxh1+ 17. Bxh1 Nd5 18. d4 Nxc3 19. bxc3 e4 20. Nh2 Bf5 21. Qc2
Qe7 22. g4 Bg6 23. Rb1 b6 24. Qb3+ Qe6 25. c4 Nd7 26. c5 Qxb3 27. Rxb3 bxc5 28.
Rb7 Ke6 29. dxc5 Bf8 30. Rc7 Ne5 31. Nf1 Kd5 32. f3 Bxc5 33. fxe4+ Kd6 34. Rg7
Bf7 35. a4 Be6 36. Bf3 Bxg4 37. Bxc5+ Kxc5 38. Bxg4 Nxg4 39. Rf7 a5 40. Nh2
Nxh2 41. Kxh2 Re8 42. Rxf6 Rxe4 43. Rf2 Kb4 44. Kg3 c5 45. Rh2 c4 46. Kf3 Re5
47. e4 Kxa4 48. Ke3 Kb3 49. Kd4 Re8 50. Rh3+ Kb4 51. Rh7 Rd8+ 52. Ke3 c3 53.
Rb7+ Ka3 54. Rc7 Kb2 55. Rb7+ Kc1 56. Rb5 c2 57. Rxg5 a4 58. e5 Kb1 0-1

[Event "M.Chigorin Memorial 2014"]
[Site "St. Petersburg"]
[Date "2014.10.25"]
[Round "8.123"]
[White "Petrushev., Nikita"]
[Black "Ivanov, Sergei V"]
[Result "1-0"]
[WhiteElo "1974"]
[BlackElo "2146"]
[PlyCount "113"]
[EventDate "2014.10.18"]
[EventType "swiss"]
[EventCountry "RUS"]

1. e4 c5 2. Nf3 d6 3. d4 cxd4 4. Nxd4 Nf6 5. Nc3 a6 6. Be3 Qc7 7. Qd2 e6 8.
O-O-O b5 9. f3 Be7 10. g4 Nfd7 11. h4 Qb7 12. g5 Nc6 13. h5 Nde5 14. Qg2 Bf8
15. f4 Nc4 16. Bxc4 bxc4 17. Nxc6 Qxc6 18. Bd4 Rg8 19. Rde1 Bd7 20. Nd5 Kd8 21.
Nc3 Rb8 22. Qe2 Qb7 23. Nd1 Bc6 24. Rh3 Bb5 25. Bc3 Be7 26. Qd2 Kc8 27. f5 Bc6
28. Nf2 Qb5 29. Qf4 Bd7 30. Rf3 Bc6 31. Rg3 e5 32. Qe3 f6 33. gxf6 Bxf6 34. Rg4
h6 35. Kb1 Rd8 36. Qe2 Be8 37. Rg2 Bf7 38. Rh2 Rd7 39. Ng4 Bg5 40. Ne3 Qc6 41.
Nd1 Rb5 42. Bd2 Bf6 43. Nc3 Rb8 44. Bc1 Rdb7 45. Ka1 Rb4 46. Rh3 Qb7 47. Nd1 d5
48. a3 Ra4 49. exd5 e4 50. Qxe4 c3 51. Qxa4 cxb2+ 52. Bxb2 Bxb2+ 53. Ka2 Bxa3
54. Re8+ Bxe8 55. Qxe8+ Kc7 56. Rc3+ Bc5 57. Qe7+ 1-0

[Event "M.Chigorin Memorial 2014"]
[Site "St. Petersburg"]
[Date "2014.10.25"]
[Round "8.124"]
[White "Borisovsky, Dmitry"]
[Black "Nikitinyh, Boris"]
[Result "1-0"]
[WhiteElo "1973"]
[BlackElo "2138"]
[PlyCount "95"]
[EventDate "2014.10.18"]
[EventType "swiss"]
[EventCountry "RUS"]

1. e4 c6 2. Nc3 d5 3. Nf3 g6 4. d4 dxe4 5. Nxe4 Bg7 6. h3 Nf6 7. Nxf6+ exf6 8.
Bd3 O-O 9. O-O Re8 10. Bf4 Nd7 11. c3 Nf8 12. Qd2 Ne6 13. Bh6 Qd6 14. Rfe1 Bd7
15. Nh2 Bxh6 16. Qxh6 Qf4 17. Qxf4 Nxf4 18. Bf1 Bf5 19. Ng4 Kg7 20. Ne3 Be6 21.
a3 Rad8 22. h4 f5 23. Nc4 Bc8 24. Rxe8 Rxe8 25. Nd6 Rd8 26. Nxc8 Rxc8 27. Re1
Kf8 28. g3 Nh5 29. Be2 Nf6 30. a4 Re8 31. Kf1 Ne4 32. Rd1 Nd6 33. a5 h5 34. Bf3
a6 35. b4 f4 36. d5 cxd5 37. Rxd5 Re6 38. gxf4 Rf6 39. Rd4 Ke7 40. c4 Nf5 41.
Rd3 b6 42. Bb7 bxa5 43. bxa5 Nxh4 44. c5 Rxf4 45. Bxa6 Ra4 46. c6 Ra1+ 47. Ke2
Rc1 48. Bb7 1-0

[Event "M.Chigorin Memorial 2014"]
[Site "St. Petersburg"]
[Date "2014.10.25"]
[Round "8.125"]
[White "Gantsevich, Aleksei"]
[Black "Manin, Viktor"]
[Result "1/2-1/2"]
[WhiteElo "1955"]
[BlackElo "2137"]
[PlyCount "93"]
[EventDate "2014.10.18"]
[EventCountry "RUS"]

1. e4 d6 2. d4 Nf6 3. Nc3 Nbd7 4. g4 h6 5. h3 e5 6. Nge2 Be7 7. Bg2 h5 8. g5
Nh7 9. h4 f6 10. Ng3 g6 11. Nxh5 Nhf8 12. gxf6 Nxf6 13. Nxf6+ Bxf6 14. dxe5
dxe5 15. Qxd8+ Bxd8 16. Bg5 Bxg5 17. hxg5 Rxh1+ 18. Bxh1 Ne6 19. O-O-O c6 20.
Ne2 b6 21. Rd6 Bd7 22. f4 Ke7 23. Rd1 Rf8 24. f5 gxf5 25. exf5 Rxf5 26. g6 Rg5
27. Rg1 Kf6 28. Rd1 Ke7 29. Rg1 Rxg1+ 30. Nxg1 Kf6 31. Nf3 Be8 32. Nh4 Nf4 33.
Be4 c5 34. g7 Kxg7 35. Nf5+ Kf6 36. Nd6 Bd7 37. Kd2 Ke6 38. Nc4 Be8 39. Ke3 Bf7
40. a3 Nh5 41. c3 Nf6 42. Nd2 Bg8 43. Bb7 Bh7 44. Bc8+ Kd6 45. Bb7 Bc2 46. Bf3
Ke6 47. Bb7 {...} 1/2-1/2

[Event "M.Chigorin Memorial 2014"]
[Site "St. Petersburg"]
[Date "2014.10.25"]
[Round "8.126"]
[White "Semenenko, Sergey"]
[Black "Isaev, Chingys"]
[Result "1-0"]
[WhiteElo "2130"]
[BlackElo "1977"]
[PlyCount "75"]
[EventDate "2014.10.18"]
[EventType "swiss"]
[EventCountry "RUS"]

1. d4 Nf6 2. c4 c5 3. d5 b5 4. cxb5 a6 5. b6 d6 6. Nc3 g6 7. Nf3 Bg7 8. e4 O-O
9. Be2 Nbd7 10. O-O Nxb6 11. Qc2 Qc7 12. a4 Bb7 13. a5 Nbd7 14. Rd1 Rab8 15.
Nd2 Ne8 16. Nc4 Qd8 17. Bg5 h6 18. Bh4 Bc8 19. f4 Bd4+ 20. Kh1 Ndf6 21. h3 Qc7
22. Bg3 e5 23. dxe6 Bxe6 24. Nb6 Ng7 25. Bxa6 Nfh5 26. Bh2 f5 27. Nb5 Qe7 28.
Nxd4 cxd4 29. Rxd4 fxe4 30. Qxe4 Nf5 31. Rd3 Rbe8 32. Bb5 Nf6 33. Qe1 Rd8 34.
a6 Kf7 35. Bc6 Qc7 36. Bd5 Nxd5 37. Nxd5 Qc5 38. Rc1 1-0

[Event "M.Chigorin Memorial 2014"]
[Site "St. Petersburg"]
[Date "2014.10.25"]
[Round "8.127"]
[White "Korchagina, Viktoria"]
[Black "Bajaramov, Elvin"]
[Result "0-1"]
[WhiteElo "2124"]
[BlackElo "1950"]
[PlyCount "84"]
[EventDate "2014.10.18"]
[EventType "swiss"]
[EventCountry "RUS"]

1. e4 c5 2. Nf3 Nc6 3. d4 cxd4 4. Nxd4 Nf6 5. Nc3 e6 6. Ndb5 a6 7. Nd6+ Bxd6 8.
Qxd6 Qe7 9. Qg3 d5 10. Bd3 dxe4 11. Bxe4 Nxe4 12. Nxe4 O-O 13. O-O f5 14. Bg5
Qb4 15. Nd6 f4 16. Qd3 h6 17. c3 Qc5 18. Bxh6 Qh5 19. Bxg7 Kxg7 20. f3 Rh8 21.
h3 Qg6 22. Qe4 e5 23. Nxc8 Raxc8 24. Rad1 Rcd8 25. b4 Rxh3 26. Rxd8 Nxd8 27.
Qd5 Nf7 28. c4 Rg3 29. Qd2 Kh7 30. Rf2 Ng5 31. Kf1 Qb1+ 32. Ke2 Qf5 33. Qc1 Ne6
34. Kd2 e4 35. Kc3 Qe5+ 36. Kb3 e3 37. Rf1 Nd4+ 38. Ka3 e2 39. Rh1+ Kg7 40. Qb1
e1=Q 41. Qh7+ Kf8 42. Qh6+ Rg7 0-1

[Event "M.Chigorin Memorial 2014"]
[Site "St. Petersburg"]
[Date "2014.10.25"]
[Round "8.128"]
[White "Ivanov, Artem"]
[Black "Pimenov, Valeri"]
[Result "0-1"]
[WhiteElo "1913"]
[BlackElo "2118"]
[PlyCount "54"]
[EventDate "2014.10.18"]
[EventType "swiss"]
[EventCountry "RUS"]

1. e4 e5 2. Nc3 Nf6 3. Bc4 Bc5 4. d3 c6 5. Bg5 d6 6. Qd2 b5 7. Bb3 a5 8. a4 Bb4
9. Bxf6 Qxf6 10. Nge2 Bc5 11. O-O b4 12. Nd1 Be6 13. Ne3 Bxb3 14. cxb3 Na6 15.
Nf5 g6 16. d4 gxf5 17. dxc5 Nxc5 18. exf5 Nxb3 19. Qc2 Nc5 20. Ng3 O-O 21. Rad1
Rfe8 22. Qc1 Kh8 23. Nh5 Qxf5 24. Rxd6 Qxh5 25. Qxc5 Qe2 26. Qc1 Rg8 27. Rxc6
Rxg2+ 0-1

[Event "M.Chigorin Memorial 2014"]
[Site "St. Petersburg"]
[Date "2014.10.25"]
[Round "8.129"]
[White "Dobrovlyanskiy, Dmitriy"]
[Black "Azimov, Ilyas"]
[Result "1/2-1/2"]
[WhiteElo "2117"]
[BlackElo "1938"]
[PlyCount "94"]
[EventDate "2014.10.18"]
[EventType "swiss"]
[EventCountry "RUS"]

1. d4 d5 2. Nf3 Nf6 3. g3 c6 4. Bg2 Bf5 5. O-O h6 6. c4 e6 7. Nc3 Be7 8. Ne5
Nbd7 9. Bf4 O-O 10. Re1 Rc8 11. cxd5 exd5 12. Qb3 Qb6 13. Qxb6 Nxb6 14. Rac1
Rfe8 15. h3 Nbd7 16. g4 Be6 17. Nd3 Bf8 18. b4 b6 19. e3 Red8 20. Red1 Nb8 21.
Ne2 Bd6 22. Bxd6 Rxd6 23. Ne5 Rdd8 24. a4 Bd7 25. Nf4 Be8 26. Rd2 Nfd7 27. Nfd3
Nxe5 28. Nxe5 f6 29. Nd3 Kf7 30. Rdc2 Ke7 31. Rc3 Bd7 32. a5 Kd6 33. axb6 axb6
34. Ra1 Be6 35. Nf4 Bf7 36. Ra7 Rd7 37. Rca3 g5 38. Nd3 Bg6 39. Bf1 Rxa7 40.
Rxa7 Nd7 41. Nb2 Rh8 42. Bd3 Bxd3 43. Nxd3 h5 44. Kg2 hxg4 45. hxg4 Rc8 46. Ra6
Kc7 47. Ra3 Kb7 1/2-1/2

[Event "M.Chigorin Memorial 2014"]
[Site "St. Petersburg"]
[Date "2014.10.25"]
[Round "8.130"]
[White "Kiseleva, Arina"]
[Black "Petukhov, Vasily N"]
[Result "1/2-1/2"]
[WhiteElo "1922"]
[BlackElo "2113"]
[PlyCount "56"]
[EventDate "2014.10.18"]
[EventType "swiss"]
[EventCountry "RUS"]

1. d4 Nf6 2. Nf3 e6 3. g3 d5 4. Bg2 c5 5. O-O Nc6 6. c4 Be7 7. Nc3 O-O 8. cxd5
Nxd5 9. Nxd5 exd5 10. dxc5 Bxc5 11. Ng5 h6 12. Qc2 Bxf2+ 13. Rxf2 hxg5 14. Qd2
d4 15. b3 f6 16. Bb2 Qd6 17. Bxc6 Qxc6 18. Rc1 Qe6 19. Qxd4 Bd7 20. e4 Bc6 21.
Qc4 Rfe8 22. e5 Qxc4 23. Rxc4 Rad8 24. Rc5 Rd1+ 25. Rf1 Rd2 26. Rf2 Rd1+ 27.
Rf1 Rd2 28. Rf2 Rd1+ 1/2-1/2

[Event "M.Chigorin Memorial 2014"]
[Site "St. Petersburg"]
[Date "2014.10.25"]
[Round "8.131"]
[White "Kokhnover, Ilya"]
[Black "Latyev, Yury"]
[Result "1-0"]
[WhiteElo "1840"]
[BlackElo "2108"]
[PlyCount "97"]
[EventDate "2014.10.18"]
[EventType "swiss"]
[EventCountry "RUS"]

1. e4 c5 2. Nf3 g6 3. d4 cxd4 4. Qxd4 Nf6 5. Bb5 a6 6. e5 axb5 7. exf6 Nc6 8.
Qd3 e6 9. Nc3 Bb4 10. Bd2 O-O 11. O-O d5 12. Bh6 Qxf6 13. Bxf8 Bxf8 14. Qxb5
Ra5 15. Qb3 d4 16. Ne4 Qe7 17. c3 e5 18. cxd4 exd4 19. Rfe1 Be6 20. Qb6 Bg7 21.
Nfg5 Rxg5 22. Nxg5 Qxg5 23. Qxb7 Bd5 24. Qc8+ Bf8 25. Qh3 Bd6 26. Red1 Ne5 27.
a4 Ng4 28. Rxd4 Nxh2 29. Rxd5 Qxd5 30. a5 Qd4 31. Qc8+ Bf8 32. Kxh2 Qxb2 33.
Ra4 Qxf2 34. a6 Qa7 35. Qd8 h5 36. Kh3 h4 37. Qxh4 Be7 38. Qe4 Bf6 39. Ra2 Kg7
40. g3 Bd4 41. Kg2 Bf6 42. Qb7 Qe3 43. a7 Bd4 44. a8=Q Qg1+ 45. Kh3 Qf1+ 46.
Qg2 Qf5+ 47. g4 Qg5 48. Qaf3 Qe5 49. Qd2 1-0

[Event "M.Chigorin Memorial 2014"]
[Site "St. Petersburg"]
[Date "2014.10.25"]
[Round "8.132"]
[White "Belov, Nikita"]
[Black "Ngnegevo, Filipp"]
[Result "1/2-1/2"]
[WhiteElo "2106"]
[BlackElo "1936"]
[PlyCount "87"]
[EventDate "2014.10.18"]
[EventType "swiss"]
[EventCountry "RUS"]

1. c4 Nf6 2. Nc3 g6 3. g3 d5 4. cxd5 Nxd5 5. Bg2 Nb6 6. Nf3 Bg7 7. O-O Nc6 8.
d3 O-O 9. Be3 Bg4 10. Qd2 Qc8 11. Bh6 Bh3 12. Bxg7 Kxg7 13. Qf4 Bxg2 14. Kxg2
a6 15. Rac1 Qd7 16. Rfd1 Rac8 17. e4 Qd6 18. Qe3 e5 19. d4 exd4 20. Nxd4 Nc4
21. Qe2 Nxd4 22. Qxc4 c5 23. Qd3 Qe5 24. f4 Qe6 25. Nd5 Nb5 26. a4 Nd6 27. Qc3+
Kh6 28. e5 Nf5 29. Nf6 Nd4 30. Qe3 Qc6+ 31. Kf2 Nf5 32. Qc3 Qxa4 33. Ng4+ Kg7
34. e6+ Nd4 35. e7 Rfe8 36. Qe3 f6 37. Qc3 Qd7 38. h3 Qxe7 39. Re1 Qf7 40. Rxe8
Rxe8 41. Ne3 b6 42. Re1 Re4 43. Qd3 Qe6 44. Qxa6 1/2-1/2

[Event "M.Chigorin Memorial 2014"]
[Site "St. Petersburg"]
[Date "2014.10.25"]
[Round "8.133"]
[White "Gurvich, Vitaly"]
[Black "Babanin, Gleb"]
[Result "1-0"]
[WhiteElo "2106"]
[BlackElo "1883"]
[PlyCount "97"]
[EventDate "2014.10.18"]
[EventType "swiss"]
[EventCountry "RUS"]

1. e4 e5 2. Nf3 Nc6 3. Bb5 a6 4. Bxc6 dxc6 5. O-O Qd6 6. Na3 Be6 7. Qe2 f6 8.
Rd1 Qd7 9. d4 Bxa3 10. dxe5 Bc4 11. Qe1 Qe6 12. bxa3 fxe5 13. Bb2 Nf6 14. Nxe5
O-O 15. Qb4 Bb5 16. a4 a5 17. Qb3 Qxb3 18. axb3 Ba6 19. f3 Rad8 20. Bc3 Be2 21.
Re1 Ba6 22. Bxa5 Rfe8 23. Bc3 Rd6 24. Rad1 Red8 25. Rxd6 cxd6 26. Rd1 Kf8 27.
Nd3 Ke7 28. Nb4 Rd7 29. Kf2 Ke6 30. Ke3 c5 31. Nxa6 bxa6 32. Bxf6 gxf6 33. Rd5
Rg7 34. g4 Rb7 35. Kd3 Rg7 36. h4 Rb7 37. Rh5 Rf7 38. f4 Rg7 39. g5 fxg5 40.
hxg5 Rf7 41. Rh6+ Ke7 42. Ke3 Rg7 43. Kf3 Rf7 44. f5 Kd7 45. Kf4 Re7 46. f6 Rf7
47. Kf5 d5 48. g6 hxg6+ 49. Rxg6 1-0

[Event "M.Chigorin Memorial 2014"]
[Site "St. Petersburg"]
[Date "2014.10.25"]
[Round "8.134"]
[White "Skvortsov, Alexander"]
[Black "Fokin, Anatoly"]
[Result "1-0"]
[WhiteElo "2099"]
[BlackElo "1765"]
[PlyCount "81"]
[EventDate "2014.10.18"]
[EventType "swiss"]
[EventCountry "RUS"]

1. e4 d5 2. exd5 Nf6 3. d4 Nxd5 4. c4 Nb6 5. Nc3 e5 6. Nf3 Bg4 7. Be2 Bb4 8.
Nxe5 Bxe2 9. Qxe2 O-O 10. Be3 Na4 11. Qc2 Bxc3+ 12. bxc3 Nb6 13. c5 Nd5 14. O-O
f6 15. Nd3 Re8 16. Bf4 Nc6 17. Rfe1 Qd7 18. Bg3 b6 19. h3 Kf7 20. Qb3 Na5 21.
Qc2 b5 22. Rxe8 Qxe8 23. Nb4 Nxb4 24. cxb4 Nc6 25. Qb3+ Kf8 26. Bxc7 g6 27. d5
Nd4 28. Qd3 Nf5 29. g4 Ng7 30. Kf1 Qd7 31. Bd6+ Kg8 32. Bg3 Rd8 33. Rd1 f5 34.
c6 Qc8 35. c7 Rd7 36. Qxb5 Rxc7 37. Bxc7 Qxc7 38. d6 Qc3 39. Qd5+ Kh8 40. d7
Ne6 41. d8=R+ 1-0

[Event "M.Chigorin Memorial 2014"]
[Site "St. Petersburg"]
[Date "2014.10.25"]
[Round "8.135"]
[White "Matchenya, Ivan"]
[Black "Aseev, Vladimir"]
[Result "0-1"]
[WhiteElo "1659"]
[BlackElo "2094"]
[PlyCount "84"]
[EventDate "2014.10.18"]
[EventType "swiss"]
[EventCountry "RUS"]

1. e4 c5 2. Nc3 Nc6 3. Bb5 e6 4. Bxc6 bxc6 5. d3 Ne7 6. f4 Ng6 7. Be3 f6 8. Nf3
Qc7 9. g3 Be7 10. O-O O-O 11. h4 d6 12. Kg2 Bd7 13. Rh1 Nh8 14. h5 Nf7 15. Qe2
Nh6 16. Rh3 Ng4 17. Bd2 f5 18. exf5 Rxf5 19. Ng1 Nh6 20. g4 Rff8 21. f5 Bf6 22.
fxe6 Rae8 23. Re3 Bc8 24. Ne4 Bxb2 25. Rb1 Bd4 26. Rf3 Bxe6 27. Bxh6 gxh6 28.
Rxf8+ Rxf8 29. Rf1 Rxf1 30. Kxf1 Qf7+ 31. Kg2 Qf4 32. c3 Be5 33. Nf2 Bd5+ 34.
Kf1 Bxc3 35. Qe8+ Qf8 36. Qe2 Bd4 37. Ngh3 Qf7 38. a3 Bf3 39. Qd2 Bxg4 40. Nf4
Bxh5 41. Nxh5 Qxh5 42. Qf4 Bxf2 0-1

[Event "M.Chigorin Memorial 2014"]
[Site "St. Petersburg"]
[Date "2014.10.25"]
[Round "8.136"]
[White "Gogin, Artem"]
[Black "Fraiman, Dmitry"]
[Result "0-1"]
[WhiteElo "1815"]
[BlackElo "2093"]
[PlyCount "32"]
[EventDate "2014.10.18"]
[EventType "swiss"]
[EventCountry "RUS"]

1. d4 d5 2. Bg5 f6 3. Bf4 Nc6 4. e3 e5 5. Bg3 Bd6 6. c4 exd4 7. cxd5 Bb4+ 8.
Nd2 dxe3 9. fxe3 Qxd5 10. Ngf3 Bg4 11. Bxc7 Rc8 12. Bf4 g5 13. Bg3 Bxf3 14.
gxf3 Rd8 15. Bg2 Bxd2+ 16. Kf2 Bxe3+ 0-1

[Event "M.Chigorin Memorial 2014"]
[Site "St. Petersburg"]
[Date "2014.10.25"]
[Round "8.138"]
[White "Alieva, Alexandra"]
[Black "Khalikov, Bulat"]
[Result "1-0"]
[WhiteElo "2085"]
[BlackElo "1637"]
[PlyCount "57"]
[EventDate "2014.10.18"]
[EventType "swiss"]
[EventCountry "RUS"]

1. e4 e5 2. Nf3 Nc6 3. Bb5 a6 4. Bxc6 dxc6 5. O-O f6 6. d4 Bg4 7. dxe5 Qxd1 8.
Rxd1 Bxf3 9. gxf3 fxe5 10. b3 Nf6 11. Bb2 Bd6 12. Nd2 Kf7 13. Nc4 Ke6 14. f4
Nxe4 15. Re1 Nc5 16. Bxe5 Kf5 17. Bxd6 cxd6 18. Nxd6+ Kxf4 19. b4 Na4 20. Re4+
Kg5 21. Re7 b5 22. Nf7+ Kf6 23. Rae1 Rhf8 24. R1e6+ Kf5 25. Nd6+ Kf4 26. Re4+
Kf3 27. Re3+ Kf4 28. Rg3 Rf6 29. Re4# 1-0

[Event "M.Chigorin Memorial 2014"]
[Site "St. Petersburg"]
[Date "2014.10.25"]
[Round "8.139"]
[White "Beltyukov, Denis"]
[Black "Gorlanov, Vladislav"]
[Result "0-1"]
[WhiteElo "1781"]
[BlackElo "2235"]
[PlyCount "62"]
[EventDate "2014.10.18"]
[EventType "swiss"]
[EventCountry "RUS"]

1. d4 g6 2. e4 Bg7 3. Nc3 c6 4. Be3 d6 5. Nf3 b5 6. a3 a6 7. g3 Nd7 8. Bg2 Nb6
9. Nd2 Bb7 10. O-O Nf6 11. Rb1 O-O 12. Qe2 Nfd7 13. Rfd1 Qc7 14. Na2 c5 15. c3
e5 16. d5 f5 17. f3 f4 18. Bf2 h5 19. c4 bxc4 20. Nxc4 a5 21. b3 Ba6 22. Qc2
Nxc4 23. bxc4 Nb6 24. Rxb6 Qxb6 25. Be1 Rfb8 26. Bf1 Qb3 27. Qxb3 Rxb3 28. a4
Rxf3 29. Kg2 Rxf1 30. Kxf1 Bxc4+ 31. Kg2 Bxa2 0-1

[Event "M.Chigorin Memorial 2014"]
[Site "St. Petersburg"]
[Date "2014.10.25"]
[Round "8.140"]
[White "Ovchinnikov, Vsevolod"]
[Black "Kantyshev, Nikita"]
[Result "1-0"]
[WhiteElo "2272"]
[BlackElo "1957"]
[PlyCount "43"]
[EventDate "2014.10.18"]
[EventType "swiss"]
[EventCountry "RUS"]

1. d4 d5 2. c4 e6 3. Nf3 Be7 4. g3 Nf6 5. Bg2 O-O 6. O-O c6 7. Qc2 Nbd7 8. Nbd2
b6 9. e4 dxc4 10. Nxc4 Bb7 11. Rd1 Rc8 12. Ne3 Qc7 13. b3 c5 14. d5 exd5 15.
exd5 Bd6 16. Nf5 Bxd5 17. Nxd6 Qxd6 18. Ng5 g6 19. Qd2 Rfe8 20. Bxd5 Nxd5 21.
Qxd5 Re1+ 22. Kg2 1-0

[Event "M.Chigorin Memorial 2014"]
[Site "St. Petersburg"]
[Date "2014.10.25"]
[Round "8.141"]
[White "Orel, Daniil"]
[Black "Yakimov, S.Y."]
[Result "1-0"]
[WhiteElo "1841"]
[BlackElo "2155"]
[PlyCount "81"]
[EventDate "2014.10.18"]
[EventType "swiss"]
[EventCountry "RUS"]

1. e4 c5 2. Nf3 d6 3. c3 Nf6 4. Be2 g6 5. O-O Bg7 6. Bb5+ Nbd7 7. Re1 O-O 8. d4
cxd4 9. cxd4 Nb6 10. h3 Be6 11. Nc3 Bc4 12. Bxc4 Nxc4 13. b3 Nb6 14. Qd3 Rc8
15. Be3 a6 16. Rac1 Na8 17. a4 Nc7 18. Nd2 d5 19. e5 Nfe8 20. b4 Ne6 21. Nb3
N8c7 22. Nc5 Rb8 23. Ne2 Re8 24. f4 Nxc5 25. Rxc5 Ne6 26. Rc2 Qd7 27. Qb3 Rec8
28. Rec1 Rxc2 29. Qxc2 Bf8 30. g4 Rd8 31. f5 gxf5 32. gxf5 Ng7 33. Ng3 f6 34.
e6 Qd6 35. Qg2 Kh8 36. Bd2 a5 37. Kh1 Nxe6 38. fxe6 Qxe6 39. b5 Rc8 40. Kh2
Rxc1 41. Bxc1 1-0

[Event "M.Chigorin Memorial 2014"]
[Site "St. Petersburg"]
[Date "2014.10.25"]
[Round "8.142"]
[White "Kalinin, Nikita"]
[Black "Voronenkov, Sergey"]
[Result "1-0"]
[WhiteElo "2152"]
[BlackElo "1950"]
[PlyCount "57"]
[EventDate "2014.10.18"]
[EventType "swiss"]
[EventCountry "RUS"]

1. e4 e5 2. Nf3 Nf6 3. Nxe5 d6 4. Nf3 Nxe4 5. Bd3 d5 6. O-O Be7 7. c4 Nc5 8.
Be2 dxc4 9. Bxc4 Be6 10. Bxe6 Nxe6 11. Qb3 Nc5 12. Qe3 Nd3 13. Nd4 Nb4 14. Nf5
Nc2 15. Nxg7+ Kf8 16. Qh6 Kg8 17. Nh5 Qf8 18. Qf4 Qd8 19. b3 Qd4 20. Qf5 Nxa1
21. Bb2 Qd6 22. Qg4+ Qg6 23. Qc8+ Bf8 24. Nf6+ Kg7 25. Nd5+ Kh6 26. Bxh8 Bd6
27. Qh3+ Qh5 28. Qxh5+ Kxh5 29. Bxa1 1-0

[Event "M.Chigorin Memorial 2014"]
[Site "St. Petersburg"]
[Date "2014.10.25"]
[Round "8.143"]
[White "Rudenko, Eugeny"]
[Black "Glazov, Anatoly"]
[Result "1/2-1/2"]
[WhiteElo "2138"]
[BlackElo "1887"]
[PlyCount "87"]
[EventDate "2014.10.18"]
[EventType "swiss"]
[EventCountry "RUS"]

1. e4 e6 2. d4 d5 3. Nd2 Nc6 4. Ngf3 dxe4 5. Nxe4 Nf6 6. Nxf6+ Qxf6 7. Bd3 h6
8. O-O Bd6 9. Re1 Bd7 10. d5 Ne5 11. dxe6 Bxe6 12. Bb5+ Nd7 13. Bxd7+ Kxd7 14.
c4 Ke7 15. Qc2 Rhe8 16. Bd2 Kf8 17. c5 Bf4 18. Bxf4 Qxf4 19. Qh7 Qf6 20. Re5
Qg6 21. Qxg6 fxg6 22. Re3 Bf7 23. Ne5 Rad8 24. a3 Rd2 25. Rae1 Kg8 26. b4 g5
27. f3 Ra2 28. R1e2 Rxe2 29. Rxe2 Bc4 30. Re3 Bb5 31. Kf2 Rd8 32. Ke1 Ba4 33.
Nd3 Bb5 34. Nf2 Kf7 35. Ne4 Ba4 36. Nc3 Bb3 37. Nb5 Rd1+ 38. Ke2 Rb1 39. Kd3
Be6 40. Nxc7 Bf5+ 41. Kd4 a6 42. g4 Bd7 43. Ke5 Bc6 44. Kd6 1/2-1/2

[Event "M.Chigorin Memorial 2014"]
[Site "St. Petersburg"]
[Date "2014.10.25"]
[Round "8.144"]
[White "Nuritdinov, Nizomiddin"]
[Black "Galaktionov, Artem"]
[Result "1-0"]
[WhiteElo "1898"]
[BlackElo "2131"]
[PlyCount "98"]
[EventDate "2014.10.18"]
[EventType "swiss"]
[EventCountry "RUS"]

1. d4 d5 2. Nf3 Nf6 3. Bg5 e6 4. e3 Be7 5. Nbd2 h6 6. Bh4 O-O 7. Bd3 b6 8. O-O
Bb7 9. Ne5 c5 10. c3 Nbd7 11. f4 Ne4 12. Bxe7 Qxe7 13. Bxe4 dxe4 14. Qc2 cxd4
15. exd4 Nf6 16. Rae1 Rac8 17. h3 Rfd8 18. Qb1 Rf8 19. Kh2 Qd6 20. g3 Qd5 21.
Re3 Qd8 22. Rfe1 Qc7 23. R1e2 Nd5 24. Rxe4 f5 25. R4e3 Nxe3 26. Rxe3 Qd6 27. a3
Qd5 28. Ndf3 Rc7 29. Qg1 Qa2 30. Qc1 Rfc8 31. Ne1 Qd5 32. N1f3 g5 33. Re2 g4
34. hxg4 fxg4 35. Nh4 Rg7 36. Re1 Rf8 37. Qe3 Qb3 38. Qd2 h5 39. Neg6 Rf6 40.
f5 Rxf5 41. Nxf5 exf5 42. Ne7+ Kf8 43. Nxf5 Rg6 44. Qe2 Qf7 45. Qe5 Bc6 46.
Qh8+ Qg8 47. Qxg8+ Rxg8 48. Ne7 Rg7 49. Nxc6 Rc7 1-0

[Event "M.Chigorin Memorial 2014"]
[Site "St. Petersburg"]
[Date "2014.10.25"]
[Round "8.145"]
[White "Zakharov, Yuri"]
[Black "Kozhabekov, Adilkhan"]
[Result "0-1"]
[WhiteElo "1830"]
[BlackElo "2107"]
[PlyCount "72"]
[EventDate "2014.10.18"]
[EventType "swiss"]
[EventCountry "RUS"]

1. Nf3 Nf6 2. d4 e6 3. g3 d5 4. Bg2 Be7 5. O-O O-O 6. b3 b6 7. Bb2 Bb7 8. Ne5
Qc8 9. Nd2 c5 10. e3 Nbd7 11. c4 dxc4 12. Bxb7 Qxb7 13. Ndxc4 Rfd8 14. Qe2 Rac8
15. Nxd7 Nxd7 16. Rfd1 b5 17. Ne5 Nxe5 18. dxe5 Rxd1+ 19. Rxd1 c4 20. bxc4 bxc4
21. Bc3 h6 22. h4 a5 23. Rd4 Bb4 24. Qc2 Bxc3 25. Qxc3 Qb1+ 26. Kg2 Qxa2 27.
Rd2 Qb3 28. Qxa5 c3 29. Rd8+ Rxd8 30. Qxd8+ Kh7 31. Qd3+ g6 32. Kf3 Qb2 33. h5
c2 34. hxg6+ Kg7 35. Qd8 Qxe5 36. gxf7 Qd5+ 0-1

[Event "M.Chigorin Memorial 2014"]
[Site "St. Petersburg"]
[Date "2014.10.25"]
[Round "8.146"]
[White "Bezulenko, Evgeny"]
[Black "Gyokbulut, Julia"]
[Result "0-1"]
[WhiteElo "1827"]
[BlackElo "2086"]
[PlyCount "76"]
[EventDate "2014.10.18"]
[EventType "swiss"]
[EventCountry "RUS"]

1. g3 d5 2. Bg2 e5 3. d3 Nc6 4. Nd2 Be6 5. Ngf3 Be7 6. O-O Qd7 7. c4 d4 8. Qa4
f6 9. Nb3 Nb4 10. Qxd7+ Bxd7 11. Nfd2 a5 12. Ne4 Ra7 13. h3 b6 14. c5 a4 15.
cxb6 cxb6 16. Nbd2 f5 17. Nc4 fxe4 18. Bxe4 Bxh3 19. Rd1 Nf6 20. Bf3 O-O 21.
Nxe5 Be6 22. Bf4 Bd5 23. Rdc1 Bxf3 24. Nxf3 Bc5 25. Rc4 a3 26. bxa3 Rxa3 27.
Rb1 Nxa2 28. Nxd4 Nc3 29. Rb2 Ra1+ 30. Kg2 Nd1 31. Rb3 Bxd4 32. Rxd4 Ra2 33.
Bd6 Re8 34. e4 Rxf2+ 35. Kg1 Ng4 36. Bf4 Ra8 37. Rxb6 Nde3 38. Rdb4 Rg2+ 0-1